Postacie z Harry'ego Pottera według czasu antenowego - Statystyki

Ogólne statystyki
  • Ten quiz został rozwiązany 7 017 razy
  • Średni wynik to 14 z 25
Statystyki odpowiedzi
Liczba minut Postać % Poprawnych
539:15 Harry Potter
100%
205:00 Hermiona Granger
98%
211:45 Ron Weasley
95%
77:15 Albus Dumbledore
89%
43:15 Severus Snape
87%
37:15 Lord Voldemort
85%
45:45 Rubeus Hagrid
81%
31:30 Draco Malfoy
77%
28:45 Minerwa McGonagall
72%
20:45 Syriusz Black
69%
30:15 Ginny Weasley
61%
19:30 Fred Weasley
56%
17:15 Luna Lovegood
56%
28:15 Neville Longbottom
55%
26:00 Remus Lupin
55%
20:00 George Weasley
54%
10:30 Bellatriks Lestrange
47%
11:15 Zgredek
44%
15:15 Lucjusz Malfoy
42%
16:00 Dolores Umbridge
29%
15:45 Artur Weasley
26%
11:00 Vernon Dursley
21%
10:30 Gilderoy Lockhart
14%
18:45 Horacy Slughorn
12%
16:15 Bartemiusz Crouch Jr
8%
Nie znaleziono quizów pasujących do podanych kryteriów
Rozkład punktacji
Procent ludzi z każdym wynikiem
Percentyl według liczby udzielonych odpowiedzi
Twoja historia wyników
Nie rozwiązałeś tego quizu